000
00322nam a2200133Ia 4500
008
150201s1997 xx 000 0 und d
082
_a
614
_b
O97D
100
_a
DETELS,ROGER
245
_a
OXFORD TB OF PUBLIC HEALTH-I
250
_a
3RD
260
_b
OXFORD
_a
NEW YORK
_c
1997
650
_a
COMMUNITY MEDICINE
942
_2
ddc
_c
BK
999
_c
842
_d
842